000 00300nam a22001337a 4500
008 170703b xxu||||| |||| 00| 0 eng d
020 _a9780802867339
041 _aeng
080 _a82
100 _a22
101 _aGJL
245 _aA PRIMER OF BIBLICAL GREEK
_cCROY.C.N
942 _2udc
_cBK
999 _c19831
_d19831